Hell's ground /
A group of friends on their way to a concert, run out of gas in a mysterious forest, only to find themselves being chased by a group of rotting zombies.
| Corporate Authors: | , , , |
|---|---|
| Other Authors: | , , , , , , , , , , , , |
| Format: | Video DVD |
| Language: | English Urdu |
| Language Notes: | English or Urdu dialogue with optional English subtitles. |
| Published: |
[Santa Monica, Calif.] :
TLA Releasing,
[2008]
|
| Edition: | Widescreen ed. |
| Series: | Danger after dark.
|
| Subjects: |
MARC
| Tag | First Indicator | Second Indicator | Subfields |
|---|---|---|---|
| LEADER | 00000cgm a2200000Ia 4500 | ||
| 001 | in00002781327 | ||
| 005 | 20150922133751.0 | ||
| 007 | vd cvaizq | ||
| 008 | 080828s2008 xxu078 vleng d | ||
| 020 | |a 1934921122 | ||
| 020 | |a 9781934921128 | ||
| 024 | 1 | |a 807839003482 | |
| 028 | 4 | 2 | |a TLAD194 |b TLA Releasing |
| 035 | |a (OCoLC)ocn244581028 | ||
| 035 | |a (OCoLC)244581028 | ||
| 037 | |b Midwest Tape |n http://www.midwesttapes.com | ||
| 040 | |a TEFMT |c TEFMT |d TEF |d OCLCQ |d OCLCA |d UtOrBLW | ||
| 041 | 1 | |a eng |a urd |j eng |h eng | |
| 049 | |a TXAM | ||
| 050 | 4 | |a PN1997.2 |b .H4557 2008 | |
| 082 | 0 | 4 | |a 791.43/72 |2 22 |
| 090 | |a PN1995.9.H6 |b H53 2008 | ||
| 245 | 0 | 0 | |a Hell's ground / |c Danger After Dark ; Boum Productions Ltd. ; TLA Releasing, Mondo Macabro and Bubonic Films present a Bubonic films production ; story, Omar Ali Khan & Pete Tombs ; produced by Omar Ali Khan, Andy Starke & Pete Tombs ; directed by Omar Ali Khan. |
| 246 | 1 | |i Other title on container: |a Zibahkhana | |
| 250 | |a Widescreen ed. | ||
| 264 | 1 | |a [Santa Monica, Calif.] : |b TLA Releasing, |c [2008] | |
| 300 | |a 1 videodisc (approximately 78 min.) : |b sound, color ; |c 4 3/4 in. | ||
| 336 | |a two-dimensional moving image |b tdi |2 rdacontent | ||
| 337 | |a video |b v |2 rdamedia | ||
| 338 | |a videodisc |b vd |2 rdacarrier | ||
| 490 | 1 | |a Danger after dark | |
| 538 | |a DVD-9 ; NTSC ; Dolby digital 5.1 ; 1.78 anamorphic widescreen. | ||
| 546 | |a English or Urdu dialogue with optional English subtitles. | ||
| 500 | |a Title from container. | ||
| 500 | |a Title also in Urdu on container. | ||
| 511 | 1 | |a Kunwar Ali Ros̄han, Rooshanie Ejaz, Rubya Chaudhry, Haider Raza, Osman Khalid Butt, Najma Malik, Sultan Billa, Salim Meraj, Razia Malik and Rehan. | |
| 508 | |a Director of photography, Najaf Bilgrami ; editor, Andy Starke ; music, Stephen Thrower. | ||
| 500 | |a Originally released as a motion picture in Pakistan in 2007. | ||
| 521 | 8 | |a Rating: Not rated. | |
| 520 | |a A group of friends on their way to a concert, run out of gas in a mysterious forest, only to find themselves being chased by a group of rotting zombies. | ||
| 500 | |a Features: director's commentary ; Ice cream zombieland documentary ; LUMS premiere - interviews and speeches from Pakistani premiere ; Zuj music promo ; original trailer. | ||
| 500 | |a Videorecording. | ||
| 650 | 0 | |a Teenagers |v Drama. | |
| 650 | 0 | |a Zombies |v Drama. | |
| 650 | 0 | |a Murder |v Drama. | |
| 655 | 7 | |a Horror films. |2 lcgft | |
| 655 | 7 | |a Foreign films. |2 local | |
| 655 | 7 | |a Feature films. |2 lcgft | |
| 655 | 7 | |a Fiction films. |2 lcgft | |
| 700 | 1 | |a Khan, Omar Ali. | |
| 700 | 1 | |a Tombs, Pete. | |
| 700 | 1 | |a Starke, Andy. | |
| 700 | 1 | |a Ros̄han, Kunwar Ali. | |
| 700 | 1 | |a Ejaz, Rooshanie. | |
| 700 | 1 | |a Chaudhry, Rubya. | |
| 700 | 1 | |a Raza, Haider. | |
| 700 | 1 | |a Butt, Osman Khalid, |d 1986- | |
| 700 | 1 | |a Malik, Najma, |d -2008. | |
| 700 | 1 | |a Billa, Sultan. | |
| 700 | 1 | |a Meraj, Salim. | |
| 700 | 1 | |a Malik, Razia. | |
| 700 | 0 | |a Rehan. | |
| 710 | 2 | |a TLA Releasing (Firm) | |
| 710 | 2 | |a Boum Productions Ltd. | |
| 710 | 2 | |a Mondo Macabro (Firm) | |
| 710 | 2 | |a Bubonic Films (Firm) | |
| 830 | 0 | |a Danger after dark. | |
| 994 | |a C0 |b TXA | ||
| 948 | |a cataloged |b h |c 2012/12/18 |d c |e blrosas |f 2:31:28 pm | ||
| 999 | |a MARS | ||
| 999 | f | f | |s 489b3d05-ce70-3bf0-bf5d-eff03b17e45d |i 77896415-c713-3136-ab69-78ec77db56d9 |t 0 |
| 952 | f | f | |p dvd |a Texas A&M University |b College Station |c Sterling C. Evans Library |d Evans: Media and Reserves (Annex 1st floor) |t 0 |e PN1995.9.H6 H53 2008 |h Library of Congress classification |i video -- videodisc |m A14841655560 |
| 998 | f | f | |a PN1995.9.H6 H53 2008 |t 0 |l Evans: Media and Reserves (Annex 1st floor) |